[Event "MVP-ch Seniors op 18th"]
[Site "Ostseebad Binz"]
[Date "2018.12.02"]
[Round "5"]
[White "Traut, Alexander"]
[Black "Staudinger, Karl"]
[Result "1/2-1/2"]
[WhiteElo "1606"]
[BlackElo "1359"]
[PlyCount "125"]
[EventDate "2018.11.28"]
[EventType "swiss"]
[EventRounds "9"]
[EventCountry "GER"]
[SourceTitle "CBM 188 Extra"]
[Source "ChessBase"]
[SourceDate "2019.02.26"]
[SourceVersion "1"]
[SourceVersionDate "2019.02.26"]
[SourceQuality "1"]

1. e4 g6 2. d4 Bg7 3. Nf3 d6 4. Be2 Nf6 5. Nc3 0-0 6. 0-0 a6 7. Be3 c6 8. Qc1 Ng4 9. Bd2 Qc7 10. h3 Nf6 11. Bh6 d5 12. e5 Ne8 13. Bf4 e6 14. Rd1 Nd7 15. Ng5 Bh6 16. Nxe6 Bxf4 17. Nxf4 Nxe5 18. dxe5 Qxe5 19. Re1 Qf6 20. Bf3 Be6 21. Qd2 Rd8 22. Re2 Ng7 23. Rae1 Rfe8 24. g4 h5 25. Kg2 b5 26. Re5 g5 27. Nxh5 Nxh5 28. gxh5 Bxh3+ 29. Kg3 Rxe5 30. Rxe5 Qxe5+ 31. Kxh3 Qf6 32. b4 Qxf3+ 33. Kh2 Qxh5+ 34. Kg1 f6 35. Ne4 Qg4+ 36. Ng3 Re8 37. Kg2 f5 38. f3 Qf4 39. Qxf4 gxf4 40. Nxf5 Re2+ 41. Kh3 Rxc2 42. Kg4 Rxa2 43. Ne7+ Kf7 44. Nxc6 Rc2 45. Nb8 Rg2+ 46. Kxf4 Ke6 47. Nc6 Kd6 48. Nd4 Rb2 49. Nf5+ Ke6 50. Nd4+ Kf6 51. Nc6 Rc2 52. Nb8 Rc4+ 53. Kg3 Rxb4 54. Nxa6 Rc4 55. Kf2 d4 56. Ke2 Ke5 57. Nb8 Kf4 58. Nd7 b4 59. Kd3 Rc3+ 60. Kxd4 Rxf3 61. Ne5 Ra3 62. Nd3+ Rxd3+ 63. Kxd3 1/2-1/2

[Event "MVP-ch Seniors op 17th"]
[Site "Binz"]
[Date "2017.12.05"]
[Round "7.77"]
[White "Krause, Werner"]
[Black "Staudinger, Karl"]
[Result "1/2-1/2"]
[WhiteElo "1648"]
[BlackElo "1349"]
[PlyCount "58"]
[EventDate "2017.11.29"]
[EventType "swiss"]
[EventRounds "9"]
[EventCountry "GER"]
[SourceTitle "EXT 2019"]
[Source "ChessBase"]
[SourceDate "2018.10.10"]
[SourceVersion "1"]
[SourceVersionDate "2018.10.10"]
[SourceQuality "1"]

1. e4 e5 2. Nf3 Nf6 3. Nxe5 d6 4. Nf3 Nxe4 5. d4 Be7 6. Bd3 Nf6 7. 0-0 c6 8. Bg5 Nbd7 9. Nbd2 h6 10. Be3 Nb6 11. c4 0-0 12. Qc2 Nh5 13. h3 Bg5 14. Ne4 Bxe3 15. fxe3 f5 16. Nxd6 f4 17. Nxc8 Qxc8 18. Bf5 Rxf5 19. e4 Rf8 20. Nh4 Qe6 21. b3 Rad8 22. Nf5 Rd7 23. Rad1 Nc8 24. d5 Qf6 25. g4 Qg5 26. Rf3 c5 27. d6 g6 28. Nxh6+ Qxh6 29. gxh5 Qxh5 1/2-1/2

[Event "MVP-ch Seniors op 16th"]
[Site "Binz"]
[Date "2016.11.27"]
[Round "5.86"]
[White "Staudinger, Karl"]
[Black "Freerksen, Uwe"]
[Result "1/2-1/2"]
[WhiteElo "1348"]
[BlackElo "1505"]
[PlyCount "115"]
[EventDate "2016.11.23"]
[EventType "swiss"]
[EventRounds "9"]
[EventCountry "GER"]
[SourceTitle "EXT 2018"]
[Source "ChessBase"]
[SourceDate "2017.10.13"]
[SourceVersion "1"]
[SourceVersionDate "2017.10.13"]
[SourceQuality "1"]

1. e3 e5 2. g3 Nf6 3. Bg2 d6 4. Nc3 Be7 5. f3 Nc6 6. Nge2 Bd7 7. a3 0-0 8. 0-0 Qc8 9. Qe1 h6 10. d3 a6 11. Rb1 Re8 12. b4 Nd8 13. e4 c6 14. g4 b5 15. Bh3 Nh7 16. Qg3 g5 17. d4 Bf6 18. Be3 Bg7 19. Rfd1 f6 20. Rd2 a5 21. bxa5 Rxa5 22. Ra1 b4 23. Nb1 Qb7 24. Rd3 Ne6 25. Qe1 c5 26. d5 Bb5 27. Rd1 Nef8 28. Nc1 Ng6 29. Kf2 Nf4 30. Bxf4 gxf4 31. Nb3 Raa8 32. N3d2 Ng5 33. Kg2 Rec8 34. Rc1 c4 35. c3 b3 36. Nxb3 cxb3 37. Qd2 b2 38. Ra2 Be8 39. Rxb2 Qa7 40. Rb3 Qe3 41. Qxe3 fxe3 42. Re1 Rab8 43. Rb4 Rxb4 44. axb4 e2 45. Rxe2 Bb5 46. Rf2 Bd3 47. Nd2 Rxc3 48. Kg3 Nxh3 49. Kxh3 Rc2 50. Kg3 Bf8 51. Rg2 Rb2 52. h4 Be7 53. Kh2 Rxb4 54. h5 Bd8 55. Kh3 Kf7 56. Kg3 Ba5 57. Kh4 Rb3 58. Nxb3 1/2-1/2

[Event "MVP-ch Seniors op 13th"]
[Site "Binz"]
[Date "2013.11.28"]
[Round "2"]
[White "Berger, Volkmar"]
[Black "Staudinger, Karl"]
[Result "1-0"]
[WhiteElo "1561"]
[BlackElo "1117"]
[PlyCount "81"]
[EventDate "2013.11.27"]
[EventType "swiss"]
[EventRounds "9"]
[EventCountry "GER"]
[SourceTitle "EXT 2015"]
[Source "ChessBase"]
[SourceDate "2014.11.20"]
[SourceVersion "1"]
[SourceVersionDate "2014.11.20"]
[SourceQuality "1"]

1. Nf3 e6 2. c4 Nf6 3. g3 Nc6 4. Bg2 d5 5. cxd5 Qxd5 6. 0-0 Qd8 7. d4 Be7 8. Nc3 0-0 9. e4 b6 10. d5 exd5 11. e5 Nh5 12. Qxd5 Bd7 13. e6 Nf6 14. exf7+ Rxf7 15. Qd1 Rc8 16. Ng5 Rf8 17. Qb3+ Kh8 18. Nf7+ Rxf7 19. Qxf7 Ne5 20. Qb3 c6 21. Qd1 Qf8 22. Bf4 Nc4 23. Qe2 b5 24. b3 Nb6 25. Rad1 Re8 26. Qc2 Nh5 27. Be3 Nc8 28. Rxd7 Nf6 29. Rc7 c5 30. Nxb5 a6 31. Nc3 g6 32. Nd5 Bd6 33. Rc6 Re5 34. Nxf6 Be7 35. Nd7 Qf5 36. Nxe5 Qxe5 37. Rxc8+ Kg7 38. Rc1 Qf5 39. Rc7 Qe5 40. Bxc5 Qxc7 41. Bd4+ 1-0

[Event "MVP-ch Seniors op 12th"]
[Site "Binz"]
[Date "2012.12.06"]
[Round "9"]
[White "Staudinger, Karl"]
[Black "Gottschalk, Juergen"]
[Result "0-1"]
[WhiteElo "1058"]
[BlackElo "1371"]
[PlyCount "104"]
[EventDate "2012.11.28"]
[EventType "swiss"]
[EventRounds "9"]
[EventCountry "GER"]
[SourceTitle "EXT 2014"]
[Source "ChessBase"]
[SourceDate "2013.11.20"]
[SourceVersion "1"]
[SourceVersionDate "2013.11.20"]
[SourceQuality "1"]

1. c4 e5 2. Nc3 Nf6 3. g3 c6 4. Bg2 Bc5 5. e3 Qe7 6. a3 d6 7. h3 a6 8. Nge2 Be6 9. b3 0-0 10. 0-0 Nbd7 11. Ra2 Ba7 12. d3 h6 13. b4 Nh7 14. f4 exf4 15. Rxf4 Ng5 16. g4 Rad8 17. Qf1 b5 18. h4 Nh7 19. Qf2 Ne5 20. Be4 Nxg4 21. Qg3 Nhf6 22. Qf3 d5 23. cxd5 cxd5 24. Bf5 Bxf5 25. d4 Be4 26. Qh3 Qe6 27. Ng3 Qc8 28. Bd2 Bb8 29. Rxf6 Nxf6 30. Qxc8 Rxc8 31. Nge2 Rc6 32. Ra1 Ng4 33. Nf4 Bxf4 34. exf4 Nf6 35. Re1 Re6 36. Kf2 Rfe8 37. Rg1 Bf5 38. Nd1 Ne4+ 39. Ke3 Nxd2+ 40. Kxd2 Re4 41. Kc3 Rxf4 42. Rg3 Rxh4 43. Ne3 Rxe3+ 44. Rxe3 Rh3 45. Kd2 Rxe3 46. Kxe3 g5 47. Kf3 h5 48. Kg3 Bg4 49. Kf2 Kg7 50. Kg3 Kf6 51. Kf2 Kf5 52. Ke3 f6 0-1

[Event "MVP-ch Seniors op 12th"]
[Site "Binz"]
[Date "2012.12.04"]
[Round "7"]
[White "Graffenberger, Marianne"]
[Black "Staudinger, Karl"]
[Result "1-0"]
[WhiteElo "1173"]
[BlackElo "1058"]
[PlyCount "67"]
[EventDate "2012.11.28"]
[EventType "swiss"]
[EventRounds "9"]
[EventCountry "GER"]
[SourceTitle "EXT 2014"]
[Source "ChessBase"]
[SourceDate "2013.11.20"]
[SourceVersion "1"]
[SourceVersionDate "2013.11.20"]
[SourceQuality "1"]

1. e4 e5 2. Nf3 Nf6 3. Nc3 Nc6 4. d4 d6 5. dxe5 Nh5 6. Bg5 Be7 7. Bxe7 Qxe7 8. exd6 cxd6 9. Be2 0-0 10. Nd4 Nf6 11. Nxc6 bxc6 12. f3 Rb8 13. b3 Rd8 14. 0-0 Nh5 15. Qc1 g6 16. f4 d5 17. Bxh5 Qc5+ 18. Kh1 Qxc3 19. Rf3 Qf6 20. Rg3 Rb7 21. e5 Qe7 22. Be2 Rb6 23. Bg4 Ba6 24. Qe1 c5 25. f5 Re8 26. Re3 Qg5 27. Bh3 Qd8 28. f6 Bb7 29. Qh4 d4 30. Ree1 Bd5 31. Qh6 Rxf6 32. exf6 Rxe1+ 33. Rxe1 Qxf6 34. Re8# 1-0

[Event "MVP-ch Seniors op 12th"]
[Site "Binz"]
[Date "2012.12.03"]
[Round "6"]
[White "Holfter, Dietrich"]
[Black "Staudinger, Karl"]
[Result "1-0"]
[WhiteElo "1360"]
[BlackElo "1058"]
[PlyCount "77"]
[EventDate "2012.11.28"]
[EventType "swiss"]
[EventRounds "9"]
[EventCountry "GER"]
[SourceTitle "EXT 2014"]
[Source "ChessBase"]
[SourceDate "2013.11.20"]
[SourceVersion "1"]
[SourceVersionDate "2013.11.20"]
[SourceQuality "1"]

1. d4 Nf6 2. c4 d5 3. Nc3 dxc4 4. e4 b5 5. Nf3 g6 6. Bg5 Nxe4 7. Nxe4 h6 8. Bf4 Bg7 9. Rc1 Be6 10. b3 0-0 11. bxc4 b4 12. Qd2 f5 13. Nc5 Bf7 14. Bxh6 Re8 15. Be2 Nc6 16. d5 Qd6 17. Bxg7 Kxg7 18. Nd3 Nd8 19. Ng5 Rb8 20. 0-0 Rh8 21. h3 e6 22. Qb2+ Kg8 23. Bf3 Qe7 24. Qd2 c6 25. Rfe1 a5 26. Nxf7 Kxf7 27. Nf4 e5 28. dxc6 e4 29. Nd5 Qd6 30. c7 Ne6 31. cxb8Q Rxb8 32. Bd1 Rh8 33. Qb2 Rf8 34. Qf6+ Ke8 35. Qxg6+ Kd7 36. Qh7+ Kc6 37. Ba4+ Kc5 38. Red1 Rd8 39. Qa7+ 1-0

[Event "Mecklenburg VP-ch Seniors op 09th"]
[Site "Binz"]
[Date "2009.12.06"]
[Round "6.66"]
[White "Pieper, Helmut"]
[Black "Staudinger, Karl"]
[Result "1/2-1/2"]
[WhiteElo "1266"]
[BlackElo "1174"]
[PlyCount "70"]
[EventDate "2009.12.01"]
[EventType "swiss"]
[EventRounds "9"]
[EventCountry "GER"]
[SourceTitle "EXT 2022"]
[Source "ChessBase"]
[SourceDate "2021.10.06"]
[SourceVersion "1"]
[SourceVersionDate "2021.10.06"]
[SourceQuality "1"]

1. e4 e5 2. Nc3 c6 3. a3 Nf6 4. Be2 Be7 5. Nf3 Bd6 6. 0-0 0-0 7. Re1 h6 8. d3 Qe7 9. Be3 b5 10. b4 a6 11. Na2 Bb7 12. Nh4 Nh7 13. Nf5 Qf6 14. Nxd6 Qxd6 15. Bc5 Qf6 16. Bxf8 Kxf8 17. f3 d6 18. c3 Nd7 19. d4 Re8 20. Qd3 Ng5 21. Rad1 Re6 22. Rd2 Qf4 23. Bf1 Rf6 24. Qe3 Rg6 25. Kh1 Qxe3 26. Rxe3 Kg8 27. h4 Nh7 28. g4 Nhf8 29. Nc1 exd4 30. cxd4 Rf6 31. Kh2 c5 32. Kg3 c4 33. Ne2 g6 34. f4 g5 35. h5 gxf4+ 1/2-1/2

[Event "Mecklenburg VP-ch Seniors op 09th"]
[Site "Binz"]
[Date "2009.12.02"]
[Round "2.65"]
[White "Staudinger, Karl"]
[Black "Wilfert, Eva Maria"]
[Result "1/2-1/2"]
[WhiteElo "1174"]
[BlackElo "1529"]
[PlyCount "69"]
[EventDate "2009.12.01"]
[EventType "swiss"]
[EventRounds "9"]
[EventCountry "GER"]
[SourceTitle "EXT 2022"]
[Source "ChessBase"]
[SourceDate "2021.10.06"]
[SourceVersion "1"]
[SourceVersionDate "2021.10.06"]
[SourceQuality "1"]

1. c4 Nf6 2. Nc3 e5 3. g3 d5 4. cxd5 Nxd5 5. Bg2 c6 6. Nf3 Qc7 7. 0-0 Be7 8. d3 0-0 9. a3 Be6 10. e4 Nf6 11. h3 Rd8 12. Re1 Bc5 13. Be3 Bd6 14. Rc1 Nbd7 15. b4 a6 16. Qd2 Nf8 17. Qe2 Ng6 18. Bg5 Be7 19. Bxf6 Bxf6 20. Qe3 Qd7 21. Rcd1 Bxh3 22. Bxh3 Qxh3 23. Ne2 h5 24. Ng5 Qg4 25. Nf3 h4 26. Nxh4 Nxh4 27. Rf1 Nf3+ 28. Kg2 Nd4 29. f3 Qe6 30. Rh1 Nxe2 31. Qxe2 Rd4 32. Rh2 Kf8 33. Rh8+ Ke7 34. Rxa8 g6 35. Qc2 1/2-1/2